000 00514nam a2200169 i 4500
001 30450
003 ES-MaACL
005 20250929063101.0
007 t|
008 030124s1875 fr ||||1| fre d
100 1 _aBayard, Jean-François-Alfred,
_d1796-1853
_926649
245 1 3 _aLa douairière de Brionne
_b: commedie en un acte /
_cpar Bayard et Dumanoir.
260 _aParís :
_bLevy,
_c1875.
700 1 _aDumanoir (
_d1806-1865)
_9126867
852 _aES-MaACL
_jT-733-F-7
999 _c30450
_d30450